000 00290nam a22000977a 4500
999 _c11072
_d11072
008 180824b ||||| |||| 00| 0 eng d
020 _a9788189932008
100 _aBishnoi, Promila
_96851
245 _aSocial Studies
_bBased on the Latest Syllabus
260 _aNew Delhi
_bPrachi Publication
_c2018